书目信息 |
| 题名: |
室内设计原理
|
|
| 作者: | 文健 , 梁志坚 , 白汶灵 主编 | |
| 分册: | ||
| 出版信息: | 北京 中国建材工业出版社 2016 |
|
| 页数: | 250页 | |
| 开本: | 29cm | |
| 丛书名: | ||
| 单 册: | ||
| 中图分类: | TU238.2 | |
| 科图分类: | ||
| 主题词: | 室内装饰设计--教材 | |
| 电子资源: | ||
| ISBN: | 978-7-5160-1373-1 | |
| 000 | 00995nam0 2200265 450 | |
| 001 | 0400001836 | |
| 005 | 20171019170052.0 | |
| 010 | @a978-7-5160-1373-1@dCNY68.00 | |
| 100 | @a20160707e20172016em y0chiy50 ea | |
| 101 | 0 | @achi |
| 102 | @aCN@b110000 | |
| 105 | @aa z 000yy | |
| 106 | @ar | |
| 200 | 1 | @a室内设计原理@9shi nei she ji yuan li@f文健,梁志坚,白汶灵主编 |
| 210 | @a北京@c中国建材工业出版社@d2016@h2017.3 | |
| 215 | @a250页@c图@d29cm | |
| 300 | @a环境艺术专业与室内设计专业“十二五”规划教材 | |
| 330 | @a本书从室内设计的基本概念、室内空间设计、人体工程学、室内家具与陈设设计、室内色彩与照明设计、室内空间设计、居住空间设计、商业空间设计等方面全方位、系统地对室内设计的理论、表达方式和设计技巧进行了清晰而细致的讲解。 | |
| 606 | 0 | @a室内装饰设计@j教材 |
| 690 | @aTU238.2@v5 | |
| 701 | 0 | @a文健@9wen jian@4主编 |
| 701 | 0 | @a梁志坚@9liang zhi jian@4主编 |
| 701 | 0 | @a白汶灵@9bai wen ling@4主编 |
| 801 | 0 | @aCN@b91MARC@c20171019 |
| 905 | @b1025756-60@dTU238.2@f5@e1044 | |
| 室内设计原理/文健,梁志坚,白汶灵主编.-北京:中国建材工业出版社,2016(2017.3) |
| 250页:图;29cm |
| 环境艺术专业与室内设计专业“十二五”规划教材 |
| ISBN 978-7-5160-1373-1:CNY68.00 |
| 本书从室内设计的基本概念、室内空间设计、人体工程学、室内家具与陈设设计、室内色彩与照明设计、室内空间设计、居住空间设计、商业空间设计等方面全方位、系统地对室内设计的理论、表达方式和设计技巧进行了清晰而细致的讲解。 |
| ● |
| 相关链接 |
|
|
|
|
正题名:室内设计原理
索取号:TU238.2/1044
 
预约/预借
| 序号 | 登录号 | 条形码 | 馆藏地/架位号 | 状态 | 备注 |
| 1 | 1025756 | 210257568 | 第二样本阅览室/ [索取号:TU238.2/1044] | 在馆 | |
| 2 | 1025757 | 210257577 | 第三借阅区/ [索取号:TU238.2/1044] | 在馆 | |
| 3 | 1025758 | 210257586 | 第三借阅区/ [索取号:TU238.2/1044] | 在馆 | |
| 4 | 1025759 | 210257595 | 第三借阅区/ [索取号:TU238.2/1044] | 在馆 | |
| 5 | 1025760 | 210257602 | 密集书库-生命科学系/ [索取号:TU238.2/1044] | 在馆 |